[Event "Mecklenburg VP-ch U16"]
[Site "Malchow"]
[Date "2019.02.05"]
[Round "6.5"]
[White "Jenschke, Tim"]
[Black "Focke, Yannick"]
[Result "0-1"]
[WhiteElo "1530"]
[BlackElo "1335"]
[PlyCount "84"]
[EventDate "2019.02.02"]
[EventType "swiss"]
[EventRounds "7"]
[EventCountry "GER"]
[SourceTitle "EXT 2022"]
[Source "ChessBase"]
[SourceDate "2021.10.06"]
[SourceVersion "1"]
[SourceVersionDate "2021.10.06"]
[SourceQuality "1"]

1. Nf3 c5 2. c4 g6 3. e3 Bg7 4. d4 cxd4 5. exd4 d6 6. Be2 Nc6 7. Be3 Nf6 8. Nc3 0-0 9. 0-0 a6 10. Rc1 b6 11. d5 Na5 12. b4 Nb7 13. Qb3 Bf5 14. Nd4 Bc8 15. Nc6 Qc7 16. Na4 Bf5 17. Bxb6 Qd7 18. f3 h5 19. Bf2 Rae8 20. Rfd1 e6 21. Bf1 exd5 22. cxd5 Nd8 23. Bxa6 Nxc6 24. dxc6 Qc7 25. b5 Be6 26. Qd3 Nd5 27. a3 Bh6 28. b6 Nf4 29. bxc7 Nxd3 30. Rxd3 Bxc1 31. Rxd6 Bxa3 32. Rd3 Ra8 33. Bb5 Bb4 34. h3 Rfc8 35. Bb6 Ba5 36. Rd8+ Kg7 37. Bxa5 Rxa5 38. Nb6 Rxc7 39. Na8 Rca7 40. c7 Rxa8 41. Rb8 Bc8 42. Bc6 R8a6 0-1

[Event "Mecklenburg VP-ch U16"]
[Site "Malchow"]
[Date "2019.02.03"]
[Round "3.3"]
[White "Focke, Yannick"]
[Black "Kallweit, Paul"]
[Result "1-0"]
[WhiteElo "1335"]
[BlackElo "1748"]
[PlyCount "63"]
[EventDate "2019.02.02"]
[EventType "swiss"]
[EventRounds "7"]
[EventCountry "GER"]
[SourceTitle "EXT 2022"]
[Source "ChessBase"]
[SourceDate "2021.10.06"]
[SourceVersion "1"]
[SourceVersionDate "2021.10.06"]
[SourceQuality "1"]

1. e4 c5 2. Nf3 e6 3. d4 cxd4 4. Nxd4 Nc6 5. Nc3 Nf6 6. Ndb5 d6 7. Bf4 e5 8. Bg5 a6 9. Na3 b5 10. Nd5 Be7 11. Bxf6 Bxf6 12. c3 0-0 13. Nc2 Bg5 14. Bd3 Be6 15. 0-0 f5 16. Re1 f4 17. g3 Rb8 18. Be2 Qd7 19. Qd3 Bh3 20. Red1 Qf7 21. gxf4 exf4 22. Qxh3 f3 23. Bd3 Ne5 24. Nd4 Rbe8 25. Nf5 Re6 26. Kh1 Rfe8 27. Bc2 Nc4 28. Rg1 h6 29. Qxf3 Nd2 30. Qg2 Qd7 31. f3 g6 32. Nd4 1-0

[Event "Mecklenburg VP-ch U14"]
[Site "Malchow"]
[Date "2018.02.07"]
[Round "5.8"]
[White "Focke, Yannick"]
[Black "Quiram, Arne"]
[Result "1/2-1/2"]
[WhiteElo "1248"]
[BlackElo "1145"]
[PlyCount "77"]
[EventDate "2018.02.07"]
[EventType "swiss"]
[EventRounds "7"]
[EventCountry "GER"]
[SourceTitle "EXT 2022"]
[Source "ChessBase"]
[SourceDate "2021.10.06"]
[SourceVersion "1"]
[SourceVersionDate "2021.10.06"]
[SourceQuality "1"]

1. e4 c5 2. Nf3 Nc6 3. d4 cxd4 4. Nxd4 a6 5. Nc3 g6 6. Be3 Bg7 7. Qd2 Nf6 8. f3 0-0 9. 0-0-0 Qc7 10. h4 d5 11. exd5 Nb4 12. g4 Nfxd5 13. Nxd5 Nxd5 14. h5 Nxe3 15. Qxe3 Qb6 16. hxg6 hxg6 17. c3 Rd8 18. Qxe7 Qd6 19. Qxd6 Rxd6 20. Bc4 b5 21. Bb3 Bb7 22. Rhf1 Bxd4 23. Rxd4 Rad8 24. Rxd6 Rxd6 25. Bc2 Rf6 26. f4 Bg2 27. Rf2 Bh3 28. g5 Re6 29. f5 gxf5 30. Bxf5 Bxf5 31. Rxf5 Kg7 32. Rc5 Kg6 33. Kc2 Re2+ 34. Kb3 Rg2 35. Rc6+ Kxg5 36. Rxa6 f5 37. Ra8 Kf4 38. Rf8 Ke4 39. Re8+ 1/2-1/2

[Event "Mecklenburg VP U12"]
[Site "Malchow"]
[Date "2016.02.08"]
[Round "7.5"]
[White "Jenschke, Tim"]
[Black "Focke, Yannick"]
[Result "1-0"]
[WhiteElo "1190"]
[BlackElo "1024"]
[PlyCount "147"]
[EventDate "2016.02.02"]
[EventType "swiss"]
[EventRounds "7"]
[EventCountry "GER"]
[SourceTitle "EXT 2024"]
[Source "ChessBase"]
[SourceDate "2023.10.10"]
[SourceVersion "1"]
[SourceVersionDate "2023.10.10"]
[SourceQuality "1"]

1. e4 e5 2. Nf3 Nc6 3. d3 Nf6 4. Bg5 Bc5 5. Be2 d6 6. 0-0 h6 7. Bh4 0-0 8. c3 Be6 9. Qc2 Qe7 10. Nbd2 Rfd8 11. Rad1 Bxa2 12. b3 Bxb3 13. Nxb3 Bb6 14. Ra1 d5 15. exd5 Rxd5 16. c4 Rd7 17. Rfe1 a6 18. Nfd2 Nd4 19. Qc3 Nxb3 20. Nxb3 Qe6 21. Bf3 Ng4 22. Bxg4 Qxg4 23. Bg3 Bd4 24. Nxd4 exd4 25. Qb4 b6 26. Re4 Qg5 27. Rae1 a5 28. Qa4 Rdd8 29. Bxc7 Rdc8 30. Bxb6 Rcb8 31. c5 f6 32. Rxd4 Qd2 33. Qa1 a4 34. Rd1 Qe2 35. Re4 Qc2 36. h3 a3 37. Rc4 Qe2 38. Rdc1 Qxd3 39. R4c3 Qd2 40. R3c2 Qf4 41. Ra2 Qb4 42. Qc3 Qa4 43. Rca1 Qb5 44. Rxa3 Rxa3 45. Qxa3 Re8 46. Qg3 Qb2 47. Rf1 Kh7 48. Qd3+ Kh8 49. Ba7 Qa2 50. Qd7 Rg8 51. c6 Qa6 52. Qb7 Qc4 53. Rd1 Qc2 54. Rd7 Qc1+ 55. Kh2 Qf4+ 56. g3 Qf3 57. Re7 Qd5 58. Qd7 Qc4 59. c7 Qc3 60. Re8 Rxe8 61. Qxe8+ Kh7 62. c8Q Qxc8 63. Qxc8 h5 64. Kg2 g6 65. Qd7+ Kh6 66. Be3+ g5 67. Bxg5+ fxg5 68. Qe6+ Kg7 69. Kf3 h4 70. Kg4 Kh7 71. Kxg5 Kg7 72. Qe7+ Kg8 73. Kg6 Kh8 74. Qg7# 1-0

[Event "Mecklenburg VP U12"]
[Site "Malchow"]
[Date "2016.02.08"]
[Round "3.1"]
[White "Troyke, Jannis"]
[Black "Focke, Yannick"]
[Result "1-0"]
[WhiteElo "1763"]
[BlackElo "1024"]
[PlyCount "71"]
[EventDate "2016.02.02"]
[EventType "swiss"]
[EventRounds "7"]
[EventCountry "GER"]
[SourceTitle "EXT 2024"]
[Source "ChessBase"]
[SourceDate "2023.10.10"]
[SourceVersion "1"]
[SourceVersionDate "2023.10.10"]
[SourceQuality "1"]

1. e4 e5 2. Nf3 Nc6 3. d4 exd4 4. Bc4 Nf6 5. e5 Ng4 6. 0-0 d5 7. Bb5 Bd7 8. Nxd4 Ngxe5 9. Re1 Bd6 10. f4 Bc5 11. Bxc6 Bxc6 12. Rxe5+ Kf8 13. Be3 Qd7 14. Nf3 f6 15. Bxc5+ Kg8 16. Re2 b6 17. Bd4 Bb5 18. Rd2 c5 19. Bf2 d4 20. c3 Rd8 21. cxd4 cxd4 22. Rxd4 Qe6 23. Rxd8+ Kf7 24. Rxh8 h6 25. Nc3 Qf5 26. Nd4 Qxf4 27. Ndxb5 a6 28. Qd7+ Kg6 29. Qe8+ Kf5 30. Rf1 Kg4 31. h3+ Kg5 32. Be3 Qxe3+ 33. Qxe3+ Kh4 34. Rxh6+ gxh6 35. Qxh6+ Kg3 36. Rf3# 1-0

[Event "Mecklenburg VP-ch U12"]
[Site "Malchow"]
[Date "2015.02.01"]
[Round "2.5"]
[White "Focke, Yannick"]
[Black "Ultsch, Paul"]
[Result "0-1"]
[WhiteElo "970"]
[BlackElo "1093"]
[PlyCount "88"]
[EventDate "2015.01.31"]
[EventType "swiss"]
[EventRounds "7"]
[EventCountry "GER"]
[SourceTitle "EXT 2022"]
[Source "ChessBase"]
[SourceDate "2021.10.06"]
[SourceVersion "1"]
[SourceVersionDate "2021.10.06"]
[SourceQuality "1"]

1. e4 e5 2. Nf3 Nc6 3. d4 exd4 4. Nxd4 d5 5. Bb5 Rb8 6. Bxc6+ bxc6 7. Nxc6 Qd6 8. Nxb8 Qb4+ 9. c3 Qxe4+ 10. Be3 Qxg2 11. Kd2 Bg4 12. Qe1 Bf3 13. Qf1 Qxh1 14. Qxh1 Bxh1 15. Na3 Bxa3 16. bxa3 Be4 17. Bd4 f6 18. Ke3 Ne7 19. c4 0-0 20. Nd7 Rd8 21. Nc5 Nf5+ 22. Kf4 Nxd4 23. cxd5 Bxd5 24. Rd1 Bxa2 25. Nb7 Ne2+ 26. Kf3 Rxd1 27. Kxe2 Rb1 28. Nc5 Rh1 29. Ne4 Rxh2 30. Nc3 Bc4+ 31. Ke3 g5 32. Ne4 h5 33. Nxf6+ Kf7 34. Ne4 Rh3+ 35. f3 g4 36. Ng5+ Kf6 37. Nxh3 gxh3 38. Kf2 c5 39. Kg3 Be6 40. Kf2 c4 41. Ke3 h2 42. Kd4 h1Q 43. Ke3 Qe1+ 44. Kf4 Qe5# 0-1

[Event "Mecklenburg VP-ch U10"]
[Site "Malchow"]
[Date "2014.02.02"]
[Round "2"]
[White "Ultsch, Paul"]
[Black "Focke, Yannick"]
[Result "1-0"]
[WhiteElo "999"]
[BlackElo "914"]
[PlyCount "53"]
[EventDate "2014.02.01"]
[EventType "swiss"]
[EventRounds "7"]
[EventCountry "GER"]
[SourceTitle "EXT 2017"]
[Source "ChessBase"]
[SourceDate "2016.10.25"]
[SourceVersion "1"]
[SourceVersionDate "2016.10.25"]
[SourceQuality "1"]

1. e4 e5 2. Nf3 Nc6 3. Nc3 Nf6 4. Bb5 d6 5. 0-0 Bd7 6. d3 a6 7. Bxc6 Bxc6 8. Bg5 h6 9. Be3 d5 10. exd5 Bxd5 11. Nxe5 Bd6 12. Nf3 Qe7 13. Bd4 Qd7 14. Nxd5 Nxd5 15. Re1+ Be7 16. Ne5 Qd6 17. Qf3 f6 18. Qh5+ Kd8 19. Nf7+ Kd7 20. Nxd6 Bxd6 21. Qxd5 c6 22. Qf7+ Kc8 23. Re8+ Rxe8 24. Qxe8+ Kc7 25. Qxa8 g5 26. Bxf6 Bc5 27. Qd8# 1-0